1929 1899 1779 1986 1867 1512 1903 1710 1649 1299 1479 1996 1643 1776 1123 1701 1384 1597 1656 1389 1550 1637 1340 1596 1551 1155 1848 1460 1759 1174 1964 1934 1474 1509 1113 1653 1801 1114 1637 1128 1606 1217 1434 1945 1915 1074 1995 1225 1539 1599 1633 1315 1541 1574 1140 1365 1986 1200 1261 1613 1264 1053 1696 1726 1013 1887 1577 1079 1632 1296 1355 1518 1244 1761 1863 1681 1059 1385 1013 1990 1436 1673 1077 1130 1405 1481 1087 1101 1717 1838 1234 1707 1253 1049 1203 1293 1915 1652 1718 BCNSPRNW ULIB Ver.6.0+V

เปลี่ยนเป็นภาษาไทย

Change to English
 แสดงรายละเอียดบรรณานุกรม
  กลับหน้าหลัก

Brief Record : Get Marc (ISO 2709) : E-mail record : QR code < ปิดหน้าต่าง
LEADER : 00000nam 2200000uu 4500
001    13399120366
003     ULIB
008    120918s2547||||th 000 0 tha d
020    ^a9744657162
060  4 ^aWY85^bพ798น 2547
100 0  ^aเพ็ญศรี พงษ์ประภาพันธ์
110 1  ^aวิทยาลัยพยาบาลบรมราชชนนี นครพนม
245 00 ^aแนวคิดทฤษฎีทางจริยธรรมการนำไปใช้ในวิชาชีพพยาบาล^cเพ็ญศรี พงษ์ประภาพันธ์
260    ^aนครพนม^bวิทยาลัยพยาบาลบรมราชชนนี นครพนม^c2547
300    ^a84 หน้า
650  7 ^aจรรยาบรรณ^xพยาบาล
945    ^p0^l0^i24252
995    ^aวิภา
999 ^a ใช้งานได้ทุกระบบ
รายการนี้ยังไม่มีแท็ก
คุณยังไม่ได้ล็อกอิน คุณสามารถมีกิจกรรมร่วมกับเว็บไซต์ได้ แต่ต้องล็อกอินก่อน ::
  ล็อกอิน

รายการสื่อสารสนเทศ

ลำดับที่ ประเภท เลขเรียก/บาร์โค้ด สถานที่ สถานะ
1. วิทยาศาสตร์การแพทย์ และสุขภาพ
วิทยาศาสตร์การแพทย์ และสุขภาพ
WY85 พ798น 2547  
  Barcode: 24252
ห้องสมุดวิทยาเขตสวรรค์ประชารักษ์
►หนังสือทั่วไป
บนชั้น

BibComment


ยังไม่เคยถูกคอมเมนท์

คอมเมนท์ทรัพยากรรายการนี้
  คอมเมนท์: แนวคิดทฤษฎีทางจร..


 Copyright 2026. Bcnsprnw @Library